Normal view
MARC view
Entry Término temático
001 - NÚMERO DE CONTROL
- campo de control: 29990
003 - IDENTIFICADOR DE NÚMERO DE CONTROL
- campo de control: BP
005 - FECHA Y HORA DE LA ÚLTIMA TRANSACCIÓN
- campo de control: 20220712120821.0
008 - ELEMENTOS DE DATO DE LONGITUD-FIJA
- campo de control de longitud fija: 220712|| aca||aabn | a|a d
040 ## - FUENTE DE CATALOGACIÓN
- Centro catalogador/agencia de origen: BP
- Centro/agencia transcriptor: BP
150 ## - ENCABEZAMIENTO--TÉRMINO DE MATERIA
- Término de materia o nombre geográfico como elemento de entrada: Maddox, Effie May Roe (1882-1950)
670 ## - FUENTE DE DATOS ENCONTRADOS
- Cita de la fuente: Work cat.: (BP)24634: Maddox, N 29989, Doña Efigenia, 1965
